Dos polémicas sobre el desarrollo en América Latina

Gorde:
Xehetasun bibliografikoak
Egile korporatiboa: ILPES (Egilea), Instituto Latinoamericano de Planificación Económica y Social (Egilea)
Formatua: Liburua
Hizkuntza:gaztelania
Argitaratua: Santiago Universitaria 1970
Saila:Textos del Instituto Latinoamericano de Planificación Económica y Social
Gaiak:
Etiketak: Etiketa erantsi
Etiketarik gabe, Izan zaitez lehena erregistro honi etiketa jartzen!

MARC

LEADER 00000cam a2200000 a 4500
001 UCR9691
003 CL-VaPUC
008 980613e19700000CL |||||||||||||||||spa|d
082 0 4 |a 338.98  |b ILP  |2 21 
110 2 |a ILPES  |e author  |9 412465 
710 2 |a Instituto Latinoamericano de Planificación Económica y Social  |e author  |9 412466 
245 1 0 |a Dos polémicas sobre el desarrollo en América Latina 
300 |a 206 p 
942 |c BK 
945 |d 19980613 00:00:00  |a crobeson 
260 |a Santiago  |b Universitaria  |c 1970 
650 0 |a Desarrollo económico y social   |9 256320 
650 0 |a Crecimiento económico   |9 314037 
650 0 |a Países en desarrollo  |9 259663 
650 0 |a Planificación del desarrollo  |9 326796 
651 0 |a América Latina   |9 255027 
583 |a last modification  |c 20150602 04:21:04  |k Rodrigo Vera 
490 0 |a Textos del Instituto Latinoamericano de Planificación Económica y Social 
999 |c 270871  |d 270869 
952 |0 0  |1 0  |4 0  |6 338_980000000000000_ILP_1970  |7 0  |8 A  |9 305318  |a BIBENE  |b BIBENE  |d 2019-11-20  |i 1417940  |o 338.98 ILP 1970  |p 1417940  |r 2025-01-15  |w 2019-11-20  |y BK  |k ICO 
952 |0 0  |1 0  |4 0  |6 338_980000000000000_ILP_1970  |7 0  |8 A  |9 305319  |a BIBHIS  |b BIBHIS  |d 2019-11-20  |i 3985911  |o 338.98 ILP 1970  |p 3985911  |r 2025-01-20  |w 2019-11-20  |y BK  |k HIS 
952 |0 0  |1 0  |3 erb  |4 0  |6 338_980000000000000_ILP_1970  |7 0  |8 A  |9 305320  |a BIBHIS  |b BIBHIS  |i 5162661  |o 338.98 ILP 1970  |p 5162661  |r 2025-01-20  |w 2019-11-20  |y BK  |z Catalogado en:20150605  |k HIS